01002pab a2200145 454500008004000000100002600040245008400066260000900150300001200159362001200171520057100183650003400754650002600788773004200814180718b1997 xxu||||| |||| 00| 0 eng d aDhungel, Dwarika Nath aOrganizational restructuring for administrative reform: the Nepalese experience c1997 ap.64-71 aJul-Dec aThe optimum size of the civil service very much depends on such factors as type of functions, volume of work, and kinds of goods and services to be provided by the government. The prolonged debate about the nature and scope of government functions is sustained by proponents of a school of thought advocating for limited functions, and another school of thought calling for the involvement of government in the delivery of basic goods and services to its people and the performance of traditional functions such as maintenance of law and order and revenue collection aAdministrative reform - Nepal aAdministrative reform aAsian Review of Public Administration